Normal view
MARC view
Entry Personal Name
001 - CONTROL NUMBER
- control field: 28625
003 - CONTROL NUMBER IDENTIFIER
- control field: OSt
005 - DATE AND TIME OF LATEST TRANSACTION
- control field: 20260611151445.0
008 - FIXED-LENGTH DATA ELEMENTS
- fixed length control field: 260611|| aca||aabn | a|a d
040 ## - CATALOGING SOURCE
- Original cataloging agency: OSt
- Transcribing agency: OSt
100 ## - HEADING--PERSONAL NAME
- Personal name: Fisher, Jan
670 ## - SOURCE DATA FOUND
- Source citation: Work cat.: (OSt)24010: McLeod, Joyce 28624, The key elements of classroom management : Managing time and space , student behavior , and instructional strategies, 2003
